| 000 | 00612nam 22002053 4500 | ||
|---|---|---|---|
| 001 | 198183 | ||
| 010 | _a972-23-1570-6 | ||
| 021 |
_aPT _b107231/97 |
||
| 090 | _a198183 | ||
| 100 | _a20250930d u||y0pory50 ba | ||
| 200 |
_aSexta - Feira ou a Vida Selvagem _fMichel Tournier _gilustrações de José Maria Nolasco |
||
| 205 | _a4ª | ||
| 210 |
_aLisboa _cEditorial Presença _d1997 |
||
| 215 |
_a111 p. _cbrochado _d21 cm |
||
| 606 |
_953 _aLiteratura Juvenil Francesa |
||
| 675 |
_a821.133.1-93 _vPT _zpor |
||
| 700 |
_91770 _aTournier _bMichel _f1924-2016 |
||
| 801 |
_aPT _bBMMN _gRPC |
||
| 830 | _cAna Caetano | ||
| 990 | _cLIVROS | ||